00390nam a22001217a 450000500170000000800410001704100080005808200080006610000630007424500940013726000290023130000080026020240813111416.0240813b |||||||| |||| 00| 0 eng d aeng bPOD aPoduval Anushka- 2K221200 & Ms. Rewati Pawar – Guide  aA Comparative Market Analysis of Poultry Farms in Maharashtra with Poultry Farms Globally aPune bSPPU cMarch-2024 a46p